Tafsiran Al-Quran dan Hadis : (Record no. 187942)
[ view plain ]
| 000 -LEADER | |
|---|---|
| fixed length control field | 01385pam a2200397 i 4500 |
| 001 - CONTROL NUMBER | |
| control field | vtls000943352 |
| 003 - CONTROL NUMBER IDENTIFIER | |
| control field | PNM |
| 005 - DATE AND TIME OF LATEST TRANSACTION | |
| control field | 20220615113206.0 |
| 008 - FIXED-LENGTH DATA ELEMENTS--GENERAL INFORMATION | |
| fixed length control field | 211207t20212021my g a001 0 may |
| 015 ## - NATIONAL BIBLIOGRAPHY NUMBER | |
| National bibliography number | M221-00506 |
| 020 ## - INTERNATIONAL STANDARD BOOK NUMBER | |
| International Standard Book Number | 9789674881955 |
| Qualifying information | paperback |
| Terms of availability | RM56.00 |
| 039 #9 - LEVEL OF BIBLIOGRAPHIC CONTROL AND CODING DETAIL [OBSOLETE] | |
| Level of rules in bibliographic description | 202204211439 |
| Level of effort used to assign nonsubject heading access points | sham |
| Level of effort used to assign subject headings | 202203211004 |
| Level of effort used to assign classification | sazlan |
| Level of effort used to assign subject headings | 202202161242 |
| Level of effort used to assign classification | khoddri |
| Level of effort used to assign subject headings | 202202111012 |
| Level of effort used to assign classification | nurazlina |
| 040 ## - CATALOGING SOURCE | |
| Original cataloging agency | BNM |
| Language of cataloging | eng |
| Transcribing agency | BNM |
| Description conventions | rda |
| Modifying agency | PPAK |
| 049 ## - LOCAL HOLDINGS (OCLC) | |
| Holding library | mal |
| 082 04 - DEWEY DECIMAL CLASSIFICATION NUMBER | |
| Classification number | 297.1226 |
| Edition number | 23 |
| 090 00 - LOCALLY ASSIGNED LC-TYPE CALL NUMBER (OCLC); LOCAL CALL NUMBER (RLIN) | |
| Classification number (OCLC) (R) ; Classification number, CALL (RLIN) (NR) | 297.1226 |
| Feature heading | FAI |
| Feature heading | G |
| 100 0# - MAIN ENTRY--PERSONAL NAME | |
| Personal name | Faisal Ahmad Shah, |
| Relator term | author. |
| 245 10 - TITLE STATEMENT | |
| Title | Tafsiran Al-Quran dan Hadis : |
| Remainder of title | Salah Faham dan Penyelewengan / |
| Statement of responsibility, etc. | Faisal Ahmad Shah, Monika@Munirah Abd Razzak, Mustaffa Abdullah |
| 264 #1 - PRODUCTION, PUBLICATION, DISTRIBUTION, MANUFACTURE, AND COPYRIGHT NOTICE | |
| Place of production, publication, distribution, manufacture | Kuala Lumpur : |
| Name of producer, publisher, distributor, manufacturer | Jabatan Penerbitan Universiti Malaya, |
| Date of production, publication, distribution, manufacture, or copyright notice | 2021 |
| Date of production, publication, distribution, manufacture, or copyright notice | ©2021 |
| 300 ## - PHYSICAL DESCRIPTION | |
| Extent | xiii, 218 pages ; |
| Dimensions | 23 cm |
| 336 ## - CONTENT TYPE | |
| Content type term | text |
| Source | rdacontent |
| 337 ## - MEDIA TYPE | |
| Media type term | unmediated |
| Source | rdamedia |
| 338 ## - CARRIER TYPE | |
| Carrier type term | volume |
| Source | rdacarrier |
| 500 ## - GENERAL NOTE | |
| General note | Includes index |
| General note | Contains verse from the Qur'an and quote from hadith |
| 504 ## - BIBLIOGRAPHY, ETC. NOTE | |
| Bibliography, etc. note | Bibliography: pages [199]-213 |
| 630 00 - SUBJECT ADDED ENTRY--UNIFORM TITLE | |
| Uniform title | Qurʼan |
| General subdivision | Criticism, interpretation, etc |
| Uniform title | Qur'an |
| General subdivision | Translating |
| 650 10 - SUBJECT ADDED ENTRY--TOPICAL TERM | |
| Topical term or geographic name entry element | Hadith |
| General subdivision | Criticism, interpretation, etc |
| 700 0# - ADDED ENTRY--PERSONAL NAME | |
| Personal name | Monika@Munirah Abd Razzak, |
| Relator term | author. |
| Personal name | Mustaffa Abdullah, |
| Relator term | author. |
| 942 ## - ADDED ENTRY ELEMENTS (KOHA) | |
| Source of classification or shelving scheme | Dewey Decimal Classification |
| Koha item type | Book |
| 949 ## - LOCAL PROCESSING INFORMATION (OCLC) | |
| 6 | 2000754085 |
| 6 | 2000754086 |
| Withdrawn | Not for loan | Current library | Shelving location | Date acquired | Total Checkouts | Full call number | Barcode | Date last seen | Date last checked out | Koha item type |
|---|---|---|---|---|---|---|---|---|---|---|
| Perpustakaan Alor Setar | Pinjaman Dewasa | 05/07/2022 | 1 | 297.1226 FAI | A01689801 | 28/04/2024 | 06/04/2024 | Book | ||
| Perpustakaan Awam Sungai Petani | Pinjaman Dewasa | 05/07/2022 | 297.1226 FAI | A01731553 | 05/07/2022 | Book |